<?xml version="1.0" encoding="UTF-8"?>
<collection xmlns="http://www.loc.gov/MARC21/slim">
 <record>
  <leader>01617nam a22002177a 4500</leader>
  <controlfield tag="001">NCT_4_016809</controlfield>
  <controlfield tag="008">250121b        xxu||||| |||| 00| 0 vie d</controlfield>
  <datafield tag="999" ind1=" " ind2=" ">
   <subfield code="c">8805</subfield>
   <subfield code="d">8805</subfield>
  </datafield>
  <datafield tag="020" ind1=" " ind2=" ">
   <subfield code="a">9786043623048</subfield>
  </datafield>
  <datafield tag="082" ind1="0" ind2="4">
   <subfield code="2">23rd ed.</subfield>
   <subfield code="a">658.8</subfield>
   <subfield code="b">R111</subfield>
  </datafield>
  <datafield tag="110" ind1="2" ind2=" ">
   <subfield code="a">Alpha Books</subfield>
  </datafield>
  <datafield tag="245" ind1="1" ind2="0">
   <subfield code="a">Alpha Premium Toolbox - </subfield>
   <subfield code="b">Sách tặng kèm theo sách Quantum Marketing</subfield>
   <subfield code="c">Alpha Books biên soạn</subfield>
  </datafield>
  <datafield tag="260" ind1=" " ind2=" ">
   <subfield code="a">H.</subfield>
   <subfield code="b">Công Thương ; Công ty Sách Alpha</subfield>
   <subfield code="c">2022</subfield>
  </datafield>
  <datafield tag="300" ind1=" " ind2=" ">
   <subfield code="a">41 tr.</subfield>
   <subfield code="b">Minh họa</subfield>
   <subfield code="c">22 cm</subfield>
  </datafield>
  <datafield tag="520" ind1="3" ind2=" ">
   <subfield code="a">Cuốn sách dành cho tất cả những người kinh doanh muốn hiểu tiếp thị đang phát triển nhanh chóng như thế nào, các nhà tiếp thị đang làm gì để sẵn sàng cho sự thay đổi này và thế giới mới sẽ như thế nào đối với các công ty, người tiêu dùng và xã hội khi cuộc đua phát triển tiếp thị mang tính cách mạng chiến lược đạt đến một cấp độ hoàn toàn mới.</subfield>
  </datafield>
  <datafield tag="653" ind1=" " ind2=" ">
   <subfield code="a">Truyền thông đa phương tiện</subfield>
  </datafield>
  <datafield tag="942" ind1=" " ind2=" ">
   <subfield code="2">ddc</subfield>
   <subfield code="c">BK</subfield>
  </datafield>
  <datafield tag="952" ind1=" " ind2=" ">
   <subfield code="0">0</subfield>
   <subfield code="1">0</subfield>
   <subfield code="2">ddc</subfield>
   <subfield code="4">0</subfield>
   <subfield code="6">658_800000000000000_R111</subfield>
   <subfield code="7">0</subfield>
   <subfield code="9">30285</subfield>
   <subfield code="a">000001</subfield>
   <subfield code="b">000001</subfield>
   <subfield code="d">2025-01-21</subfield>
   <subfield code="o">658.8 R111</subfield>
   <subfield code="p">MD.23534</subfield>
   <subfield code="r">2025-01-21</subfield>
   <subfield code="w">2025-01-21</subfield>
   <subfield code="y">BK</subfield>
  </datafield>
  <datafield tag="952" ind1=" " ind2=" ">
   <subfield code="0">0</subfield>
   <subfield code="1">0</subfield>
   <subfield code="2">ddc</subfield>
   <subfield code="4">0</subfield>
   <subfield code="6">658_800000000000000_R111</subfield>
   <subfield code="7">0</subfield>
   <subfield code="9">30286</subfield>
   <subfield code="a">000001</subfield>
   <subfield code="b">000001</subfield>
   <subfield code="d">2025-01-21</subfield>
   <subfield code="o">658.8 R111</subfield>
   <subfield code="p">MD.23535</subfield>
   <subfield code="r">2025-01-21</subfield>
   <subfield code="w">2025-01-21</subfield>
   <subfield code="y">BK</subfield>
  </datafield>
  <datafield tag="952" ind1=" " ind2=" ">
   <subfield code="0">0</subfield>
   <subfield code="1">0</subfield>
   <subfield code="2">ddc</subfield>
   <subfield code="4">0</subfield>
   <subfield code="6">658_800000000000000_R111</subfield>
   <subfield code="7">0</subfield>
   <subfield code="9">30287</subfield>
   <subfield code="a">000001</subfield>
   <subfield code="b">000001</subfield>
   <subfield code="d">2025-01-21</subfield>
   <subfield code="o">658.8 R111</subfield>
   <subfield code="p">MD.23536</subfield>
   <subfield code="r">2025-01-21</subfield>
   <subfield code="w">2025-01-21</subfield>
   <subfield code="y">BK</subfield>
  </datafield>
  <datafield tag="980" ind1=" " ind2=" ">
   <subfield code="a">Thư viện Trường Đại học Nam Cần Thơ</subfield>
  </datafield>
 </record>
</collection>
